000 00466nam a2200181Ia 4500
001 12781
005 20260306163006.0
008 260306t2005||||xx |||||||||||||| ||spa||
041 _aESP
082 _aRD 292.1303
_bB61
100 _aBlásquez, Feliciano
_eAUT
245 0 _aDiccionario de mitología :
_bDioses, héroes, mitos y leyendas
260 _c2005
300 _a925 páginas :
_c23 cm.
650 _aGEN
654 _aCHU
942 _cDIC
_dJUS
_fJUS
_2ddc
_n
999 _c12781
_d12781